000 00824nam a2200265 4500
003 OSt
005 20260601171005.0
008 260509b2013\\\\fi\a||||\||||\00|\0\eng\d
040 _aICI
_bspa
_cICI
041 _aeng
050 _aNK1455.F5
_bF56 2013
100 1 _aVeinola, Anne,
_eeditor
_932132
245 1 _aFinnish design yearbook 2012-13
_cAnne Veinola
264 _aFinlandia:
_bDesign Forum Finland,
_c2013
300 _a150 páginas:
_bilustraciones
336 _atexto
_2rdacontent
337 _asin medio
_2rdamedia
338 _avolumen
_2rdacarrier
650 _aDesign
_vYearbooks
_xFinland
_932133
650 _aIndustrial design
_xFinland.
_932134
650 _aDesign Forum Finland
_932135
700 _aValkola, Heidi,
_eTexto
_932136
700 _aSuortti-Vuorio, Auli,
_eTexto
_932137
942 _2lcc
_cB
_n1
999 _c20248
_d20248